| 000 | 00599nam a2200193 a 4500 | ||
|---|---|---|---|
| 005 | 20140310183249.0 | ||
| 008 | 041020s19uu xx 00 eng d | ||
| 050 |
_aRS 57 _b.P53 2004 |
||
| 100 | _aPickar, Gloria D. | ||
| 245 | _aDosage calculations/. | ||
| 250 | _a7th ed. | ||
| 300 |
_a552 p. : _bcol. ill. ; _c28 cm. |
||
| 521 | _aNUR | ||
| 650 |
_aPharmaceutical arithmetic _xExaminations, questions, etc. |
||
| 650 |
_aNursing _xMathematics _xExaminations,questions,etc. |
||
| 650 |
_aDrugs _xAdministration & dosage _xExaminations and questions. |
||
| 942 |
_cBK _2lcc _kFOR |
||
| 999 |
_c20753 _d20753 |
||